| 000 | 00539cam a22001457a 4500 | ||
|---|---|---|---|
| 008 | 180718b2002 xxu||||| |||| 00| 0 eng d | ||
| 082 | _aAPPPA 2001-2002 BHA/8 | ||
| 100 | _aBhal, Harsh | ||
| 245 |
_aEvolving media strategy for eliminiation of child labour in brassware industry of Moradabad district _cby Harsh Bhal |
||
| 260 |
_aNew Delhi _bIndian Institute of Public Administration _c2002 |
||
| 300 | _av.p. | ||
| 500 | _aAn APPPA M.Phil. disseratation, 2001-02 (Guide: Dolly Arora) | ||
| 650 | _aAPPPA | ||
| 650 | _aChild labour - India | ||
| 999 |
_c492078 _d492078 |
||